000 00420nam a22001697a 4500
999 _c1756
_d1755
005 20210901141056.0
008 160525b xxu||||| |||| 00| 0 eng d
020 _a81-259-0977-x
041 _aeng
082 _b5015
_a657
100 _aMaheshwari, S.N. and S.K.
_91171
245 _aAccounting Standards
260 _aNew Delhi
_bAcademic Faundation
_c2003
300 _a4.135
650 _a250.00
_91264
942 _cBK